000 00448nam a2200181Ia 4500
005 20250923144836.0
008 008 250917s9999 xx 000 0 eng d
037 _aTextual
040 _aDSWL
_beng
_cDSWL
041 _aeng
_2eng
084 _qDSWL
245 0 _aGujarat State Gazetteers Surat District
260 _aAhmedabad
_bGovt.of India
_c1962
365 _aINR
_b16
925 _g16
942 _cTEXL
999 _c1444031
_d1444031